000 01266nam a2200277 a 4500
001 000021033
003 OSt
005 20240316073901.0
008 100830s2009 dr 000 0 spa d
040 _aDO-SdBNP
_bspa
_cBNPHU
082 4 _a342.7293039
_bR426a
_222
110 1 _aRepública Dominicana.
_bCámara de Diputados
_932238
245 1 0 _aActas de la Asamblea revisora de la Constitución de la República Dominicana 1963 :
_bsesiones celebradas del 25 de enero al 20 de abril de 1963 /
_cEditores Tomás Castro Burdiez, León Félix Batista ; presentación Julio César Valentín Jiminián.
260 _aSanto domingo :
_bFundación Juan Bosch,
_c2009.
300 _a540 p. ;
_c28 cm.
500 _aEdición Conmemorativa del Centenario del Natalicio de Juan Bosch
590 _aInventariado, 2018/ YL
651 4 _aRepública Dominicana
_xConstitución (1963)
_9448
651 4 _aRepública Dominicana
_zDerecho constitucional
_9449
651 4 _aRepública Dominicana
_xReformas constitucionales
_935781
700 1 _aBatista, León Félix,
_d1964-
_eed.
_912031
700 1 _aValentín Jiminían, Julio César,
_d1966-
_epresent.
_915248
700 _aCastro, Tomás,
_d1959-
_eed.
_924641
910 _aValidado. Control de calidad EMS
942 _2ddc
_cLBS1
999 _c20536
_d20536